• 首页
  • 本馆介绍
  • 公告通知
  • 最新文献
  • 馆藏检索
  • 电子资源
  • 读者导购
  • 参考咨询
  • 我的图书馆
  • 登录
  • 详细信息显示
  • 放入我的书架
  • 预约/预借图书
  • 作者相关作品
  • 分类相关作品
  • 丛书相关作品
  • 出版社相关作品

书目信息

  • 表格格式
  • 工作单格式
  • 卡片格式
题名:
写给孩子的美丽汉赋
    
 
作者: 王昕 著
分册:  
出版信息: 北京   华龄出版社  2020.08
页数: 214页
开本: 22cm
丛书名:
单 册:
中图分类: I222.4
科图分类:
主题词: 汉赋--han fu--少年读物
电子资源:
ISBN: 978-7-5169-1410-6
000 00818nam0 2200241 450
001 CAL 0120203107725
005 20230217093112.0
010    @a978-7-5169-1410-6@dCNY39.80
100    @a20201109d2020 cemy0chiy0120 ea
101 0  @achi
102    @aCN@b110000
105    @ay z 000gy
106    @ar
200 1  @a写给孩子的美丽汉赋@Axie gei hai zi de mei li han fu@f王昕著
210    @a北京@c华龄出版社@d2020.08
215    @a214页@d22cm
314    @a王昕, 资深出版人。
330    @a本书主要内容包括: 大汉朝最有才的人、司马相如的“伯乐”、秦朝为何二世而亡、一赋值千金、哪个皇帝不好仙、汉家气象第一人、第一名的奖品、另一个第一名、一篇赋与三杯酒等。
606 0  @a汉赋@Ahan fu@j少年读物
690    @aI222.4@v5
701  0 @a王昕@Awang xin@4著
801  0 @aCN@bBJXHZP@c20230228
905    @b1384132-5@dI222.4@e881@f4
    
    写给孩子的美丽汉赋/王昕著.-北京:华龄出版社,2020.08
    214页;22cm
    
    
    ISBN 978-7-5169-1410-6:CNY39.80
    本书主要内容包括: 大汉朝最有才的人、司马相如的“伯乐”、秦朝为何二世而亡、一赋值千金、哪个皇帝不好仙、汉家气象第一人、第一名的奖品、另一个第一名、一篇赋与三杯酒等。
●
相关链接 在E读中查询图书 在五车中查询图书 在当当中查询图书 在豆瓣中查询图书


正题名:写给孩子的美丽汉赋     索取号:I222.4/881         预约/预借

序号 登录号 条形码 馆藏地/架位号 状态 备注
1 1384132   213841324   第一样本阅览室/ [索取号:I222.4/881] 在馆    
2 1384133   213841333   第二借阅区/ [索取号:I222.4/881] 在馆    
3 1384134   213841342   第二借阅区/ [索取号:I222.4/881] 在馆    
4 1384135   213841351   第二借阅区/ [索取号:I222.4/881] 在馆    
唐山师范学院图书馆 欢迎您!
大连网信软件有限公司© 版权所有